000 00722nam a2200289Ia 4500
005 20260324131420.0
008 008 260324s9999 xx 000 0 eng d
020 _a9780203013076
037 _aEBOOK
040 _aCRL
040 _beng
040 _cCRL
041 _2eng
041 _aeng
084 _qCRL
100 _aRicardo Gottschalk; Patricia Justino
_91185435
245 0 _aOvercoming Inequality in Latin America
245 0 _bIssues and Challenges for the 21st Century
260 _bTaylor and Francis
260 _c2006
365 _a
365 _b265
856 _uhttp://www.taylorfrancis.com/books/9780203013076
942 _cEBOOK
999 _c1782548
_d1782548